000 00839nac a22002777a 4500
001 BR9510007
003 BR-BrBNA
005 20240105121727.0
008 230509b bl.|||m| |||| 00| 0 por d
040 _aBR-BrBNA
_bpor
_cBiblioteca Nacional de Agricultura
072 _aF01
090 _a1120 BR9510007
100 1 _aCunha, G.A.P. da
100 1 _aFonseca, N.
100 1 _aSampaio, J.M.M.
110 1 _aEmpresa Brasileira de Pesquisa Agropecuaria, Brasilia, DF (Brasil). Servico de Producao de Informacao
_93866
245 1 _aProducao de mudas de manga
260 3 _aBrasilia, DF (Brasil):
_c1994.
300 _a54 p.
490 _aColecao Plantar (Brazil)
_vno. 15
_x
500 _a8 illus.
650 _aManga
650 _aPratica Cultural
909 _a202312
_bLúcia Elande
_c55
_dLúcia Elande
942 _2AGRIS
_n0
_cMS
999 _c287074
_d287074